[Event "XXX Torre Memorial 2018"]
[Site "Merida"]
[Date "2018.12.18"]
[Round "7"]
[White "Barrientos, Sergio E"]
[Black "Almeida Quintana, Omar"]
[Result "0-1"]
[WhiteElo "2499"]
[BlackElo "2545"]
[Annotator "ChessBase"]
[PlyCount "96"]
[EventDate "2018.12.15"]
[EventType "swiss"]
[EventCountry "MEX"]
[SourceTitle "playchess.com"]
[Source "ChessBase"]
[SourceQuality "1"]
[TimeControl "5400+30"]

1. e4 {[%emt 0:04:30]} d6 {[%emt 0:00:00]} 2. d4 {[%emt 0:00:05]} Nf6 {[%emt 0:00:00]} 3. Bd3 {[%emt 0:00:04]} g6 {[%emt 0:01:53]} 4. Nf3 {[%emt 0:00:08]} Bg7 {[%emt 0:00:05]} 5. O-O {[%emt 0:00:05]} O-O {[%emt 0:00:04]} 6. c3 {[%emt 0:00:05]} Nbd7 {[%emt 0:03:36]} 7. Re1 {[%emt 0:00:07]} e5 {[%emt 0:00:04]} 8. Nbd2 {[%emt 0:03:00]} b6 {[%emt 0:01:51]} 9. Nf1 {[%emt 0:04:24]} Bb7 {[%emt 0:00:21]} 10. Ng3 {[%emt 0:00:08]} Re8 {[%emt 0:00:49]} 11. d5 {[%emt 0:05:20]} c6 {[%emt 0:01:01]} 12. c4 {[%emt 0:01:03]} Nc5 {[%emt 0:03:08]} 13. Bc2 {[%emt 0:16:14]} a5 {[%emt 0:00:20]} 14. Be3 {[%emt 0:01:44]} cxd5 {[%emt 0:04:35]} 15. cxd5 {[%emt 0:00:12]} Nfd7 {[%emt 0:02:16]} 16. Qd2 {[%emt 0:00:08]} b5 {[%emt 0:00:22]} 17. h4 {[%emt 0:02:34]} Nf6 {[%emt 0:03:29]} 18. Bxc5 {[%emt 0:06:09]} dxc5 {[%emt 0:00:19]} 19. a4 {[%emt 0:00:01]} b4 {[%emt 0:00:10]} 20. Bd3 {[%emt 0:00:08]} Qe7 {[%emt 0:04:04]} 21. Bb5 {[%emt 0:08:21]} Red8 {[%emt 0:09:36]} 22. Qg5 {[%emt 0:02:53]} h6 {[%emt 0:00:34]} 23. Qe3 {[%emt 0:02:01]} Ng4 {[%emt 0:04:44]} 24. Qe2 {[%emt 0:01:46]} h5 {[%emt 0:01:00]} 25. Nf1 {[%emt 0:00:53]} f5 {[%emt 0:05:11]} 26. exf5 {[%emt 0:08:49]} gxf5 {[%emt 0:01:28]} 27. Ng3 {[%emt 0:00:12]} Rf8 {[%emt 0:09:43]} 28. Bc4 {[%emt 0:05:11]} Qd6 {[%emt 0:01:30]} 29. Ng5 {[%emt 0:07:31]} e4 {[%emt 0:00:47]} 30. Ne6 {[%emt 0:13:07]} Bd4 {[%emt 0:03:54]} 31. Nxd4 {[%emt 0:00:11]} cxd4 {[%emt 0:00:03]} 32. Qf1 {[%emt 0:00:21]} d3 {[%emt 0:02:44]} 33. Rad1 {[%emt 0:00:14]} Rae8 {[%emt 0:01:07]} 34. Bxd3 {[%emt 0:00:56]} exd3 {[%emt 0:00:23]} 35. Rxe8 {[%emt 0:00:09]} Rxe8 {[%emt 0:00:07]} 36. Qxd3 {[%emt 0:00:04]} Re5 {[%emt 0:12:07]} 37. Qc4 {[%emt 0:04:05]} Nf6 {[%emt 0:03:47]} 38. Nf1 {[%emt 0:02:29]} Ba6 {[%emt 0:03:18]} 39. Qc6 {[%emt 0:03:11]} Qxc6 {[%emt 0:01:19]} 40. dxc6 {[%emt 0:00:09]} Bxf1 {[%emt 0:01:24]} 41. c7 {[%emt 0:01:08]} Ba6 {[%emt 0:00:29]} 42. Rd8+ {[%emt 0:00:37]} Re8 {[%emt 0:01:55]} 43. Rd6 {[%emt 0:00:30]} Ng4 {[%emt 0:00:32]} 44. g3 {[%emt 0:00:30]} Bb7 {[%emt 0:03:36]} 45. f3 {[%emt 0:00:02]} Re1+ {[%emt 0:00:45]} 46. Kg2 {[%emt 0:00:01]} Rc1 {[%emt 0:00:10]} 47. Rd7 {[%emt 0:01:14]} Rc2+ {[%emt 0:00:16]} 48. Kf1 {[%emt 0:00:06]} Nf6 {[%emt 0:02:02]} 0-1

[Event "XXX Torre Memorial 2018"]
[Site "Merida"]
[Date "2018.12.18"]
[Round "7"]
[White "Rios, Cristhian Camilo"]
[Black "Matsenko, Sergei"]
[Result "1-0"]
[WhiteElo "2467"]
[BlackElo "2524"]
[Annotator "ChessBase"]
[PlyCount "69"]
[EventDate "2018.12.15"]
[EventType "swiss"]
[EventCountry "MEX"]
[SourceTitle "playchess.com"]
[Source "ChessBase"]
[SourceQuality "1"]
[TimeControl "5400+30"]

1. d4 {[%emt 0:01:43]} Nf6 {[%emt 0:06:08]} 2. c4 {[%emt 0:00:19]} e6 {[%emt 0:00:05]} 3. Nc3 {[%emt 0:00:28]} Bb4 {[%emt 0:00:06]} 4. Qc2 {[%emt 0:00:30]} c5 {[%emt 0:00:06]} 5. dxc5 {[%emt 0:00:23]} O-O {[%emt 0:00:04]} 6. a3 {[%emt 0:00:18]} Bxc5 {[%emt 0:00:16]} 7. Nf3 {[%emt 0:00:23]} a6 {[%emt 0:00:50]} 8. Bg5 {[%emt 0:01:06]} Be7 {[%emt 0:03:53]} 9. e4 {[%emt 0:06:32]} d6 {[%emt 0:02:39]} 10. Be2 {[%emt 0:01:12]} Qc7 {[%emt 0:01:09]} 11. O-O {[%emt 0:04:20]} b6 {[%emt 0:00:13]} 12. Rfd1 {[%emt 0:04:25]} Bb7 {[%emt 0:00:34]} 13. b4 {[%emt 0:07:17]} Nbd7 {[%emt 0:01:46]} 14. Rac1 {[%emt 0:00:08]} Rac8 {[%emt 0:00:27]} 15. Qd3 {[%emt 0:08:57]} Rfd8 {[%emt 0:02:30]} 16. Nd2 {[%emt 0:01:44]} h6 {[%emt 0:19:28]} 17. Bf4 {[%emt 0:03:12]} Ne5 {[%emt 0:01:40]} 18. Qg3 {[%emt 0:00:08]} Ng6 {[%emt 0:02:29]} 19. Be3 {[%emt 0:00:22]} Nd7 {[%emt 0:00:34]} 20. Nb3 {[%emt 0:08:34]} Nde5 {[%emt 0:12:10]} 21. f4 {[%emt 0:18:10]} Nxc4 {[%emt 0:00:20]} 22. Bxc4 {[%emt 0:00:07]} Qxc4 {[%emt 0:00:03]} 23. Nd4 {[%emt 0:00:07]} Qxc3 {[%emt 0:01:51]} 24. Rxc3 {[%emt 0:00:09]} Rxc3 {[%emt 0:00:01]} 25. f5 {[%emt 0:01:09]} exf5 {[%emt 0:08:33]} 26. Nxf5 {[%emt 0:03:02]} Re8 {[%emt 0:07:47]} 27. Qf2 {[%emt 0:12:34]} Bf8 {[%emt 0:08:52]} 28. Rf1 {[%emt 0:00:16]} Rxe4 {[%emt 0:09:52]} 29. Nxh6+ {[%emt 0:00:44]} Kh7 {[%emt 0:00:04]} 30. Nxf7 {[%emt 0:07:00]} Rcxe3 {[%emt 0:03:14]} 31. Ng5+ {[%emt 0:00:35]} Kh6 {[%emt 0:00:00]} 32. Nxe4 {[%emt 0:01:08]} Rxe4 {[%emt 0:00:01]} 33. Qxb6 {[%emt 0:00:08]} Re7 {[%emt 0:06:48]} 34. Qxd6 {[%emt 0:00:26]} Re8 {[%emt 0:01:51]} 35. Qd7 {[%emt 0:00:14]} 1-0

[Event "XXX Torre Memorial 2018"]
[Site "Merida"]
[Date "2018.12.18"]
[Round "8"]
[White "Albornoz Cabrera, Carlos Daniel"]
[Black "Martinez Duany, Lelys Stanley"]
[Result "1/2-1/2"]
[WhiteElo "2559"]
[BlackElo "2536"]
[Annotator "TA"]
[PlyCount "53"]
[EventDate "2018.12.15"]
[EventType "swiss"]
[EventCountry "MEX"]
[SourceTitle "playchess.com"]
[Source "ChessBase"]
[SourceQuality "1"]

{[%evp 26,53,7,0,0,0,0,0,0,0,0,0,0,0,0,0,0,0,3,0,0,0,0,0,0,0,0,0,0,0]} 1. c4 c5 2. g3 g6 3. Bg2 Bg7 4. Nf3 Nc6 5. O-O e6 6. Nc3 Nge7 7. e3 O-O 8. d4 cxd4 9. Nxd4 d5 10. cxd5 Nxd4 11. exd4 Nxd5 12. Nxd5 exd5 13. Be3 Be6 14. Qd2 {[#] LiveBook: 31 Games. The position is equal.} Qd6 $146 {A36: Symmetrical English vs ...g6: 4 Bg2 Bg7} ({Predecessor:} 14... Qb6 15. Rfc1 Rfc8 16. Rc5 Bf8 17. Rxc8 Rxc8 18. Rc1 Rc6 19. Rxc6 {½-½ (19) Shengelia,D (2570)-Dragnev,V (2515) Stara Lubovna 2017}) 15. Rac1 Rfc8 16. Rxc8+ Rxc8 17. Rc1 Rxc1+ 18. Qxc1 h5 19. h4 Qb6 20. Qc3 Bf8 21. a3 Bd6 22. Bf3 (22. Bg5 {with more complications.} Kg7 23. Bf3 a5 24. Kg2 Qc7 25. Qd2) 22... Qc7 23. Qxc7 Bxc7 24. Kf1 Kf8 25. Ke1 Ke7 26. Kd2 Kd7 27. Kc3 {Accuracy: White = 94%, Black = 100%.} 1/2-1/2

[Event "XXX Torre Memorial 2018"]
[Site "Merida"]
[Date "2018.12.18"]
[Round "8"]
[White "Almeida Quintana, Omar"]
[Black "Bok, Benjamin"]
[Result "1/2-1/2"]
[WhiteElo "2545"]
[BlackElo "2643"]
[Annotator "TA"]
[PlyCount "50"]
[EventDate "2018.12.15"]
[EventType "swiss"]
[EventCountry "MEX"]
[SourceTitle "playchess.com"]
[Source "ChessBase"]
[SourceQuality "1"]

{[%evp 25,50,-14,39,0,64,44,52,62,42,45,58,46,58,0,20,31,32,0,0,0,46,46,46,48,64,73,56]} 1. d4 d5 2. Nf3 Nf6 3. c4 e6 4. Nc3 c6 5. e3 Nbd7 6. Qc2 Bd6 7. Bd3 O-O 8. O-O dxc4 9. Bxc4 b5 10. Be2 Bb7 11. Rd1 Qc7 12. a3 {D46: Semi-Slav: 5 e3 Nbd7 6 Bd3, Black avoids the Meran} (12. Bd2 a5 13. Rac1 Rac8 14. Ne4 Nxe4 15. Qxe4 c5 16. Qh4 Bxf3 17. Bxf3 b4 18. dxc5 Nxc5 19. a3 Qd8 20. Qxd8 Rcxd8 21. axb4 {½-½ (66) Bocharov,D (2594)-Vitiugov,N (2740) Sochi 2018}) 12... e5 13. h3 Rfe8 {LiveBook: 3 Games} (13... a6 $11) 14. b4 {White is slightly better.} a5 ({Black should play} 14... exd4 $11 15. Nxd4 a6) 15. Rb1 axb4 16. axb4 exd4 17. Nxd4 $146 ({Predecessor:} 17. Rxd4 Nf8 18. Bb2 Qe7 19. Ba1 Bxb4 20. Rdxb4 Rxa1 21. Rxa1 Qxb4 {0-1 (27) Cabrera Pando,R (2152)-Spata,G (2321) Buenos Aires 2018}) 17... g6 18. Qb3 Nb6 19. Bf3 (19. Bb2 $14) 19... Be5 20. Qc2 Rab8 21. Bd2 Nc4 22. Rbc1 Qb6 23. Na4 bxa4 24. Qxc4 {[%cal Rd4c6]} Nd5 25. Be1 {[%cal Rd4c6]} Rec8 {Accuracy: White = 58%, Black = 53%.} 1/2-1/2

[Event "XXX Torre Memorial 2018"]
[Site "Merida"]
[Date "2018.12.18"]
[Round "8"]
[White "Quesada Perez, Yasser"]
[Black "Cordova, Emilio"]
[Result "1/2-1/2"]
[WhiteElo "2528"]
[BlackElo "2595"]
[Annotator "ChessBase"]
[PlyCount "50"]
[EventDate "2018.12.15"]
[EventType "swiss"]
[EventCountry "MEX"]
[SourceTitle "playchess.com"]
[Source "ChessBase"]
[SourceQuality "1"]
[TimeControl "5400+30"]

1. e4 {[%emt 0:00:00]} c5 {[%emt 0:06:34]} 2. Nf3 {[%emt 0:00:00]} Nc6 {[%emt 0:00:10]} 3. d4 {[%emt 0:00:00]} cxd4 {[%emt 0:00:07]} 4. Nxd4 {[%emt 0:00:00]} Nf6 {[%emt 0:01:12]} 5. Nc3 {[%emt 0:00:00]} e5 {[%emt 0:01:33]} 6. Ndb5 {[%emt 0:00:12]} d6 {[%emt 0:00:07]} 7. Bg5 {[%emt 0:00:34]} a6 {[%emt 0:00:08]} 8. Na3 {[%emt 0:00:03]} b5 {[%emt 0:01:16]} 9. Nd5 {[%emt 0:00:20]} Be7 {[%emt 0:00:07]} 10. Bxf6 {[%emt 0:00:15]} Bxf6 {[%emt 0:00:06]} 11. c4 {[%emt 0:00:20]} b4 {[%emt 0:05:29]} 12. Nc2 {[%emt 0:00:17]} a5 {[%emt 0:00:44]} 13. g3 {[%emt 0:07:13]} Bg5 {[%emt 0:02:36]} 14. Bg2 {[%emt 0:03:28]} O-O {[%emt 0:00:16]} 15. O-O {[%emt 0:00:05]} Be6 {[%emt 0:00:08]} 16. Qd3 {[%emt 0:05:53]} Bxd5 {[%emt 0:16:42]} 17. cxd5 {[%emt 0:09:29]} Nb8 {[%emt 0:00:25]} 18. a3 {[%emt 0:00:15]} Na6 {[%emt 0:00:20]} 19. axb4 {[%emt 0:00:10]} Nxb4 {[%emt 0:00:06]} 20. Nxb4 {[%emt 0:00:14]} axb4 {[%emt 0:00:05]} 21. h4 {[%emt 0:00:37]} Bh6 {[%emt 0:00:41]} 22. Qc4 {[%emt 0:03:46]} Rc8 {[%emt 0:11:59]} 23. Qxb4 {[%emt 0:04:39]} Rb8 {[%emt 0:00:03]} 24. Qc3 {[%emt 0:00:32]} Qb6 {[%emt 0:00:06]} 25. Bh3 {[%emt 0:00:53]} Qxb2 {[%emt 0:00:10]} 1/2-1/2

[Event "XXX Torre Memorial 2018"]
[Site "Merida"]
[Date "2018.12.18"]
[Round "8"]
[White "Obregon Rivero, Juan Carlos"]
[Black "Baryshpolets, Andrey"]
[Result "1/2-1/2"]
[WhiteElo "2482"]
[BlackElo "2578"]
[Annotator "TA"]
[PlyCount "103"]
[EventDate "2018.12.15"]
[EventType "swiss"]
[EventCountry "MEX"]
[SourceTitle "playchess.com"]
[Source "ChessBase"]
[SourceQuality "1"]

{[%evp 19,103,0,0,-9,0,0,0,0,0,0,30,0,0,0,36,46,49,31,39,25,35,52,41,39,29,17,32,37,31,6,15,13,10,16,9,5,15,15,16,16,16,16,19,19,19,19,19,19,19,19,19,19,19,19,21,19,19,0,0,0,0,0,0,0,0,0,0,0,0,0,0,0,0,0,0,0,0,0,0,0,0,0,0,0,0,0]} 1. e4 {[%cal Be2e4,Be4e5][%mdl 32]} e6 2. d4 d5 3. Nd2 Be7 4. Ngf3 Nf6 5. e5 Nfd7 6. Bd3 c5 7. c3 Nc6 8. O-O g5 9. dxc5 Ndxe5 {C06: French Tarrasch: 3...Nf6 4 e5 Nfd7 5 Bd3 main lines} 10. Bb5 (10. Bc2 Ng6 11. b4 O-O 12. Re1 f5 13. Nb3 g4 14. b5 gxf3 15. bxc6 bxc6 16. Qxf3 e5 17. Bh6 {1-0 (51) Mista,A (2595)-Bartel,M (2604) Warsaw 2018}) 10... Ng6 {LiveBook: 9 Games} 11. c4 a6 12. Ba4 $146 ({Predecessor:} 12. Bxc6+ bxc6 13. cxd5 cxd5 14. b4 e5 15. Bb2 f6 16. Re1 g4 17. Nxe5 fxe5 18. Bxe5 {0-1 (58) De Seroux,C (2175)-Di Benedetto,D (2321) Batumi 2018}) 12... O-O 13. cxd5 Qxd5 14. Bb3 Qd8 15. Ne4 {[%cal Rc1g5]} g4 16. Nfd2 {[%cal Bf3d2,Bd2c4,Bc4d6][%mdl 32]} e5 17. Nc4 Qxd1 $1 18. Rxd1 Be6 19. Bh6 Rfd8 20. Ncd6 Bxb3 21. axb3 Nd4 22. Be3 f5 23. Bxd4 fxe4 24. Be3 Bxd6 $1 {The position is equal.} 25. cxd6 Kf7 26. Bb6 Rd7 27. Bc7 Nf4 28. Re1 Ne6 29. Rxe4 Nxc7 30. dxc7 Rxc7 31. Rxg4 $11 {[%mdl 4096] Endgame KRR-KRR} Rac8 {[#] ( -> ...Rc1+)} 32. g3 Rc1+ 33. Rxc1 Rxc1+ {KR-KR} 34. Kg2 Rc2 35. Rc4 Rxb2 36. Rc7+ {[%mdl 64] [#] Double Attack} Kf6 37. Rxb7 e4 $1 {[%cal Be5e4,Be4e3][%mdl 32]} 38. Rxh7 e3 $1 {[%cal Re3e2] And now ...e2 would win.} 39. Kf1 Rxf2+ 40. Ke1 Ke5 41. Rh4 a5 42. h3 Rh2 43. Rg4 Kf5 44. Rf4+ Ke5 45. h4 Rh3 46. Rg4 {Black must now prevent Ke2.} Kf5 $1 {[%cal Rf5g4]} 47. Rf4+ Ke5 48. h5 Rxh5 49. Ke2 Rh2+ 50. Kf3 Rf2+ 51. Kxe3 Rb2 52. Re4+ {Accuracy: White = 74%, Black = 86%.} 1/2-1/2

[Event "XXX Torre Memorial 2018"]
[Site "Merida"]
[Date "2018.12.18"]
[Round "8"]
[White "Escobar Forero, Alder"]
[Black "Theodorou, Nikolas"]
[Result "0-1"]
[WhiteElo "2479"]
[BlackElo "2546"]
[Annotator "ChessBase"]
[PlyCount "146"]
[EventDate "2018.12.15"]
[EventType "swiss"]
[EventCountry "MEX"]
[SourceTitle "playchess.com"]
[Source "ChessBase"]
[SourceQuality "1"]
[TimeControl "5400+30"]

1. e4 {[%emt 0:00:18]} c5 {[%emt 0:00:00]} 2. Nf3 {[%emt 0:01:11]} d6 {[%emt 0:00:00]} 3. d4 {[%emt 0:00:04]} cxd4 {[%emt 0:00:00]} 4. Nxd4 {[%emt 0:00:08]} Nf6 {[%emt 0:00:00]} 5. Nc3 {[%emt 0:00:05]} a6 {[%emt 0:00:00]} 6. Bg5 {[%emt 0:00:43]} Nbd7 {[%emt 0:00:00]} 7. Bc4 {[%emt 0:00:22]} Qb6 {[%emt 0:00:47]} 8. O-O {[%emt 0:00:09]} Qc5 {[%emt 0:00:23]} 9. Bd5 {[%emt 0:00:06]} e6 {[%emt 0:00:04]} 10. Re1 {[%emt 0:00:02]} Ne5 {[%emt 0:00:04]} 11. Na4 {[%emt 0:16:05]} Qa5 {[%emt 0:11:52]} 12. Bb3 {[%emt 0:02:10]} Be7 {[%emt 0:18:29]} 13. Qe2 {[%emt 0:28:08]} Bd7 {[%emt 0:04:33]} 14. Nc3 {[%emt 0:02:11]} O-O {[%emt 0:01:54]} 15. Rad1 {[%emt 0:01:37]} Nc6 {[%emt 0:09:55]} 16. Nf3 {[%emt 0:01:48]} Rfd8 {[%emt 0:04:07]} 17. Nb1 {[%emt 0:20:33]} h6 {[%emt 0:02:12]} 18. Bf4 {[%emt 0:00:36]} Ne5 {[%emt 0:00:54]} 19. Nbd2 {[%emt 0:01:10]} Qc7 {[%emt 0:00:16]} 20. c4 {[%emt 0:02:18]} a5 {[%emt 0:08:28]} 21. a3 {[%emt 0:02:39]} a4 {[%emt 0:00:37]} 22. Ba2 {[%emt 0:00:11]} Ng6 {[%emt 0:02:12]} 23. Be3 {[%emt 0:00:33]} Ng4 {[%emt 0:00:15]} 24. Bd4 {[%emt 0:00:10]} Bf6 {[%emt 0:00:57]} 25. Nb1 {[%emt 0:00:37]} Rac8 {[%emt 0:01:21]} 26. Nc3 {[%emt 0:00:38]} N4e5 {[%emt 0:01:01]} 27. Nxe5 {[%emt 0:03:07]} dxe5 {[%emt 0:01:08]} 28. Be3 {[%emt 0:00:14]} Be7 {[%emt 0:01:03]} 29. g3 {[%emt 0:01:29]} Bc5 {[%emt 0:01:33]} 30. Rd3 {[%emt 0:00:24]} Be8 {[%emt 0:02:35]} 31. Red1 {[%emt 0:00:39]} Rxd3 {[%emt 0:01:05]} 32. Qxd3 {[%emt 0:01:03]} Ne7 {[%emt 0:01:44]} 33. Bxc5 {[%emt 0:03:33]} Qxc5 {[%emt 0:00:06]} 34. Qd6 {[%emt 0:00:06]} Qxd6 {[%emt 0:01:24]} 35. Rxd6 {[%emt 0:00:02]} Bc6 {[%emt 0:00:21]} 36. f3 {[%emt 0:00:36]} Kf8 {[%emt 0:00:38]} 37. Kf2 {[%emt 0:00:14]} Ng6 {[%emt 0:00:50]} 38. Ke3 {[%emt 0:00:16]} Ke7 {[%emt 0:00:13]} 39. Rd2 {[%emt 0:00:57]} Ra8 {[%emt 0:01:53]} 40. Bb1 {[%emt 0:00:56]} Ra5 {[%emt 0:01:15]} 41. Bc2 {[%emt 0:01:10]} Nf8 {[%emt 0:00:51]} 42. Na2 {[%emt 0:00:12]} Be8 {[%emt 0:02:18]} 43. Nc3 {[%emt 0:00:59]} Bc6 {[%emt 0:02:52]} 44. Na2 {[%emt 0:00:07]} g5 {[%emt 0:00:59]} 45. Nb4 {[%emt 0:00:53]} Be8 {[%emt 0:00:12]} 46. Rd1 {[%emt 0:00:30]} Nd7 {[%emt 0:01:10]} 47. Rh1 {[%emt 0:01:44]} Nb6 {[%emt 0:01:04]} 48. Bd3 {[%emt 0:00:06]} Rc5 {[%emt 0:00:45]} 49. h4 {[%emt 0:00:46]} Nxc4+ {[%emt 0:00:27]} 50. Bxc4 {[%emt 0:00:01]} Rxc4 {[%emt 0:00:06]} 51. hxg5 {[%emt 0:00:38]} hxg5 {[%emt 0:00:02]} 52. Rh5 {[%emt 0:01:08]} Kf6 {[%emt 0:02:51]} 53. Rh8 {[%emt 0:01:02]} Bb5 {[%emt 0:00:48]} 54. Ra8 {[%emt 0:00:30]} Rc1 {[%emt 0:02:34]} 55. Ra5 {[%emt 0:00:12]} Bc4 {[%emt 0:02:40]} 56. Rc5 {[%emt 0:05:40]} b6 {[%emt 0:02:40]} 57. Rc6 {[%emt 0:00:14]} b5 {[%emt 0:00:13]} 58. Nd5+ {[%emt 0:00:32]} Kg7 {[%emt 0:01:35]} 59. Kd2 {[%emt 0:02:27]} Rb1 {[%emt 0:00:49]} 60. Kc2 {[%emt 0:00:31]} Rf1 {[%emt 0:01:21]} 61. Ne3 {[%emt 0:00:29]} Bb3+ {[%emt 0:02:08]} 62. Kd2 {[%emt 0:00:09]} Rxf3 {[%emt 0:00:11]} 63. Rc5 {[%emt 0:00:01]} Rxg3 {[%emt 0:01:31]} 64. Rxe5 {[%emt 0:00:15]} Kg6 {[%emt 0:02:07]} 65. Rxb5 {[%emt 0:00:05]} Rf3 {[%emt 0:00:24]} 66. Ng4 {[%emt 0:00:31]} f6 {[%emt 0:00:45]} 67. Rb4 {[%emt 0:00:32]} Kh5 {[%emt 0:01:05]} 68. e5 {[%emt 0:00:55]} f5 {[%emt 0:00:02]} 69. Nf6+ {[%emt 0:00:05]} Kg6 {[%emt 0:00:05]} 70. Nd7 {[%emt 0:00:06]} Rf2+ {[%emt 0:01:00]} 71. Ke1 {[%emt 0:00:18]} Rxb2 {[%emt 0:00:26]} 72. Nc5 {[%emt 0:00:02]} Ra2 {[%emt 0:00:34]} 73. Rb6 {[%emt 0:00:58]} f4 {[%emt 0:01:25]} 0-1

[Event "XXX Torre Memorial 2018"]
[Site "Merida"]
[Date "2018.12.18"]
[Round "8"]
[White "Rios, Cristhian Camilo"]
[Black "Gonzalez Vidal, Yuri"]
[Result "1/2-1/2"]
[WhiteElo "2467"]
[BlackElo "2553"]
[Annotator "ChessBase"]
[PlyCount "49"]
[EventDate "2018.12.15"]
[EventType "swiss"]
[EventCountry "MEX"]
[SourceTitle "playchess.com"]
[Source "ChessBase"]
[SourceQuality "1"]
[TimeControl "5400+30"]

1. d4 {[%emt 0:00:00]} d5 {[%emt 0:00:00]} 2. c4 {[%emt 0:00:00]} e6 {[%emt 0:00:00]} 3. Nc3 {[%emt 0:00:27]} Bb4 {[%emt 0:00:10]} 4. cxd5 {[%emt 0:00:33]} exd5 {[%emt 0:00:10]} 5. Bf4 {[%emt 0:00:35]} Ne7 {[%emt 0:03:08]} 6. e3 {[%emt 0:01:25]} c6 {[%emt 0:00:54]} 7. Nf3 {[%emt 0:01:56]} O-O {[%emt 0:01:18]} 8. Be2 {[%emt 0:00:29]} Bd6 {[%emt 0:02:24]} 9. Ne5 {[%emt 0:02:35]} Bc7 {[%emt 0:13:00]} 10. O-O {[%emt 0:07:22]} Nd7 {[%emt 0:00:33]} 11. Nd3 {[%emt 0:03:35]} Bxf4 {[%emt 0:02:54]} 12. Nxf4 {[%emt 0:00:17]} Nf6 {[%emt 0:01:10]} 13. b4 {[%emt 0:06:43]} a6 {[%emt 0:03:07]} 14. a4 {[%emt 0:00:38]} Qd6 {[%emt 0:04:35]} 15. b5 {[%emt 0:06:57]} axb5 {[%emt 0:06:41]} 16. axb5 {[%emt 0:00:11]} Bf5 {[%emt 0:01:04]} 17. Qb3 {[%emt 0:08:37]} h6 {[%emt 0:14:13]} 18. h3 {[%emt 0:08:11]} g5 {[%emt 0:04:16]} 19. Nh5 {[%emt 0:03:20]} Nxh5 {[%emt 0:01:52]} 20. Bxh5 {[%emt 0:00:09]} Bd3 {[%emt 0:00:49]} 21. Be2 {[%emt 0:03:14]} Bxe2 {[%emt 0:03:11]} 22. Nxe2 {[%emt 0:00:11]} f5 {[%emt 0:01:45]} 23. Rxa8 {[%emt 0:02:35]} Rxa8 {[%emt 0:00:03]} 24. bxc6 {[%emt 0:00:33]} bxc6 {[%emt 0:00:29]} 25. Rb1 {[%emt 0:01:42]} 1/2-1/2

[Event "XXX Torre Memorial 2018"]
[Site "Merida"]
[Date "2018.12.18"]
[Round "8"]
[White "Vera Gonzalez-Quevedo, Reynaldo"]
[Black "Espinosa Veloz, Ermes"]
[Result "1/2-1/2"]
[WhiteElo "2431"]
[BlackElo "2515"]
[Annotator "TA"]
[PlyCount "141"]
[EventDate "2018.12.15"]
[EventType "swiss"]
[EventCountry "MEX"]
[SourceTitle "playchess.com"]
[Source "ChessBase"]
[SourceQuality "1"]

{[%evp 23,141,-1,10,0,15,4,40,26,33,31,64,53,56,62,54,60,78,66,68,64,78,78,79,77,79,77,82,80,65,56,93,61,89,84,97,52,84,73,81,82,79,68,97,96,102,102,110,81,170,81,159,145,150,54,16,0,0,0,0,0,0,0,0,0,0,0,0,0,74,0,77,8,77,77,104,77,91,0,0,0,0,0,0,0,0,0,0,0,1433,1113,1295,218,221,0,0,0,205,287,6563,1591,1374,1203,1108,0,0,0,264,0,715,421,1710,0,0,0,0,0,0,0,0,0]} 1. d4 Nf6 2. Nf3 g6 3. c4 Bg7 4. Nc3 O-O 5. e4 d6 6. Be2 Nc6 7. O-O e5 8. d5 Ne7 9. b4 Nh5 10. g3 f5 11. Ng5 Nf6 12. Bf3 {E97: King's Indian: Classical Main Line (6...e5 7 0-0 Nc6): 8 Be3 and 8 d5 Ne7, not 9 Ne1} c6 {LiveBook: 46 Games} (12... Bd7 {keeps more tension.} 13. Re1 Qc8 14. exf5 gxf5 15. Be2 h6) 13. Be3 cxd5 14. cxd5 fxe4 15. Ncxe4 Nxe4 16. Bxe4 h6 17. Ne6 Bxe6 $1 18. dxe6 d5 19. Bg2 b6 {[#]} 20. Qb3 $146 Qd6 21. Rad1 {[%cal Rd1d5]} Rad8 22. Bxd5 Nxd5 {[#]} 23. e7 $1 {[%mdl 512]} Qxe7 24. Rxd5 Rxd5 25. Qxd5+ Kh7 26. Rc1 h5 27. Qe4 Qd7 28. Rc6 Rf5 29. Kg2 Qf7 30. Qc4 Qxc4 31. Rxc4 $16 {[%mdl 4096] Endgame KRB-KRB} Rf7 32. Rc6 Rd7 33. a4 Bh6 34. Kf3 Bxe3 35. fxe3 {KR-KR} Kh6 (35... Rd2 $16) 36. h4 (36. a5 $1 $18 {is more deadly.}) 36... Rf7+ (36... Rd2 $142) 37. Ke4 Rf2 38. Rc7 (38. Kxe5 $16 Rf3 39. e4) 38... Rb2 $1 $14 39. Rxa7 {Black must now prevent b5.} Rxb4+ 40. Kxe5 Rg4 $1 41. e4 {And now Rb7 would win.} Rxg3 42. Kd5 g5 43. hxg5+ Rxg5+ 44. e5 h4 45. Rb7 Rg6 (45... Rg4 $11) 46. Rc7 (46. Rb8 $16 Rg7 47. Rxb6+ Kg5 48. e6) 46... Rg1 (46... Rg3 $11) 47. e6 ({Better is} 47. Rc4 $1 $16) 47... Kg6 (47... Re1 $11 {keeps the balance.}) 48. Rc4 $16 h3 49. Rh4 (49. Re4 {feels hotter.} h2 50. e7 h1=Q 51. e8=Q+ Kh7 52. Qe7+) 49... Rg3 50. Kd6 (50. Re4 $1 $16 {Intending e7 and mate.} h2 51. e7) 50... Rd3+ $11 51. Kc7 Re3 52. Kd7 Rd3+ 53. Kc6 Re3 54. Kd7 Rd3+ 55. Ke8 Kf6 $2 {[%mdl 8192]} (55... Kg5 $11 56. Rh8 Rc3) 56. e7 $1 $18 Re3 {[#]} 57. Rf4+ $1 Kg7 58. Rg4+ Kf6 59. Rf4+ Kg7 $1 60. Rf2 Rg3 $2 (60... Rd3 61. Rf7+ Kg8) 61. Rh2 (61. Rf7+ $142 Kh6 62. Kf8) 61... Rd3 62. Rh1 Rg3 {[#]} 63. Kd7 $2 ({White must play} 63. Re1 $1 $18 {aiming for Kd7.} Rd3 64. Rg1+ Kh6 65. Kf7 Rf3+ 66. Ke6 Re3+ 67. Kd6 Rd3+ 68. Kc6) 63... Rd3+ $11 64. Ke8 $2 {[%mdl 8192]} (64. Kc7 $11 Kf7 65. Kxb6) 64... Rg3 $1 $18 65. Rh2 $2 (65. Re1 Rd3 66. Rg1+ Kh7 67. Kf7 Rf3+ 68. Ke6 Re3+ 69. Kd7 Rd3+ 70. Kc6) 65... Rd3 $1 66. Rb2 Rg3 (66... Rd1 $142 67. Rh2 Rd3) 67. Kd7 $2 ({Only move:} 67. Rd2 $18 Re3 68. Kd7) 67... Rd3+ $11 {The position is equal.} 68. Kc7 Kf7 69. Re2 Ke8 70. Kxb6 Rg3 71. a5 {Accuracy: White = 44%, Black = 47%.} 1/2-1/2